Datum a čas kvízu
21.5
Celkem bodů
Celkový počet nahraných bodů na tomto kvízu bez doplňovacích otázek.
12.
Pořadí na kvízu
Konečné umístění týmu na tomto kvízu.
Zaznamenané odpovědi
| # | Otázka | Odpověď | Body | Výsledky |
|---|---|---|---|---|
| 1. | Na Pustevnách začal festival L... | D | 1 | |
| 2. | Georgio Loiseau, starosta fran... | štěkání psů | 0 | |
| 3. | Čeští a slovenští archeologové... | v Guatemale | 0 | |
| 4. | Roční míra inflace v jisté zem... | Argentina | 0 | |
| 5. | Uveďte konečné skóre sobotního... | 2:0 | 0 | |
| 6. | Některá slova mají různé grama... | (o) hrabatech | 0 | |
| 7. | U některých slov bychom si moh... | C | 0 | |
| 8. | Dva gramatické rody můžeme při... | sršeň | 0 | |
| 9. | V minulé otázce jsme se ptali... | zombie | 1 | |
| 10. | Začátkem roku 2023 byla Ústave... | hranolka, hranolek | 0 |